Perspectives on postindustrial society

保存先:
書誌詳細
第一著者: Yujro, Hayashi
フォーマット: 図書
言語:Undetermined
出版事項: Tokyo University of Tokyo Press 1970
主題:
タグ: タグ追加
タグなし, このレコードへの初めてのタグを付けませんか!
Thư viện lưu trữ: Trung tâm Học liệu Trường Đại học Cần Thơ
LEADER 00541nam a2200193Ia 4500
001 CTU_98118
008 210402s9999 xx 000 0 und d
082 |a 306.4 
082 |b H413 
100 |a Yujro, Hayashi 
245 0 |a Perspectives on postindustrial society 
245 0 |c Yujro Hayashi 
260 |a Tokyo 
260 |b University of Tokyo Press 
260 |c 1970 
650 |a Technology and civilization,Civilization, modern 
650 |x Congresses 
904 |i Truc 
980 |a Trung tâm Học liệu Trường Đại học Cần Thơ